The Morning Show - Personnages - Statistiques

Statistiques générales
  • Ce quiz a été pris 3 fois
  • Le résultat moyen est 28 sur 45
Statistiques - réponses
Présence Réponses % Correct
Saisons 1, 2 et 3 Alex Levy
100%
Saisons 1, 2 et 3 Bradley Jackson
100%
Saisons 1, 2 et 3 Charlie Black
100%
Saison 3 Christina Hunter
100%
Saisons 1 et 2 Claire Conway
100%
Saisons 1, 2 et 3 Cory Ellison
100%
Saisons 2 et 3 Cybil Reynolds
100%
Saisons 1 et 2 Daniel Henderson
100%
Saison 1 Hannah Shoenfeld
100%
Saisons 2 et 3 Laura Peterson
100%
Saisons 1, 2 et 3 Maggie Brenner
100%
Saisons 1, 2 et 3 Mia Jordan
100%
Saisons 1 et 2 Mitchell Kessler
100%
Saison 3 Paul Marks
100%
Saisons 2 et 3 Stella Bak
100%
Saisons 1, 2 et 3 Yanko Flores
100%
Saisons 1, 2 et 3 Afflamu
50%
Saisons 1 et 2 Alisson Namazi
50%
Saison 3 Amanda Robinson
50%
Saison 3 Andre Ford
50%
Saisons 1, 2 et 3 Audra Khatri
50%
Saisons 1, 2 et 3 Donny Spagnoli
50%
Saisons 1, 2 et 3 Fred Micklen
50%
Saisons 2 et 3 Gayle Berman
50%
Saison 2 et 3 Gordon Kemper
50%
Saisons 1, 2 et 3 Hal Jackson
50%
Saisons 1, 2 et 3 Isabella
50%
Saison 1 Jason Craig
50%
Saisons 1, 2 et 3 Julia Johnson
50%
Saisons 2 et 3 Kyle
50%
Saisons 1, 2 et 3 Layla Bell
50%
Saisons 2 et 3 Léonard Cormwell
50%
Saisons 1 et 2 Lizzy Levy Craig
50%
Saison 3 Martha Ellison
50%
Saisons 1 et 2 Paige Kessler
50%
Saison 2 Paola Lambruschini
50%
Saisons 1, 2 et 3 Rena Robinson
50%
Saisons 2 et 3 RJ Smith
50%
Saisons 1 et 2 Sandy Jackson
50%
Saison 2 Ty Fitzgerald
50%
Saison 1 Ashley Brown
0%
Saison 2 Eric Nomani
0%
Saison 1 Geneva Micklen
0%
Saisons 1, 2 et 3 Joël Rapkin
0%
Saison 2 Madeleine
0%
Aucun quiz correspondant
Distribution des résultats
% des personnes avec chaque résultat
Percentile par nombre de réponses
Votre historique - résultats
Vous n’avez pas pris ce quiz